000 00456nam a2200169Ia 4500
003 OSt
005 20230609114816.0
008 210423s2000 xx 000 0 und d
040 _cAL
082 _a658.3 LOSF
_223
100 _aLOSEY (Michel);others.
_9123270
245 _aFuture of human resource management.
260 _aNew Delhi
_bJohn Wiley & Sons
_c2000
365 _cINR
906 _aFuture ; human ; management. ; resource
942 _2ddc
_cBK
999 _c174243
_d174243